| 000 | 00572ngm a2200205 4500 | ||
|---|---|---|---|
| 005 | 20170515112141.0 | ||
| 006 | a|||||r|||| 00| | | ||
| 008 | 160218b xxu||||| |||| 00| 0 spa d | ||
| 041 | _aspa | ||
| 082 | _a180 DVD | ||
| 245 | _aCalidad en el servicio:la alegría de servir | ||
| 260 |
_aCosta Rica _bMertec _c1997 |
||
| 300 | _a48 minutos | ||
| 650 |
_aCOSTA RICA _942653 |
||
| 650 |
_aSERVICIO AL CLIENTE _91558 |
||
| 650 |
_aCALIDAD EN EL SERVICIO _95949 |
||
| 650 |
_aATENCIÓN AL CLIENTE _92068 |
||
| 650 |
_aACTITUD ANTE EL SERVICIO _942650 |
||
| 942 | _cDVD | ||
| 999 |
_c9402 _d9402 |
||